[Event "Rodgers mem"]
[Site "Ottawa CAN"]
[Date "2006.10.12"]
[Round "4"]
[White "Hum, Peter"]
[Black "Pacey, Kevin"]
[Result "1/2-1/2"]
[WhiteElo "2117"]
[BlackElo "2137"]
[PlyCount "106"]
[EventDate "2006.09.21"]
[EventType "swiss"]
[EventRounds "6"]
[EventCountry "CAN"]

1. d4 e6 2. c4 d5 3. Nc3 c5 4. cxd5 exd5 5. Nf3 Nc6 6. g3 Nf6 7. Bg2 Be7 8. O-O
O-O 9. Bg5 cxd4 10. Nxd4 h6 11. Be3 Re8 12. Qa4 Ne5 13. Nxd5 Nxd5 14. Bxd5 Bh3
15. Bg2 Bxg2 16. Kxg2 Qd5+ 17. Nf3 Nxf3 18. exf3 b5 19. Qa6 Bg5 20. Rfd1 Qf5
21. Bxg5 hxg5 22. Rd2 Re6 23. Qb7 Rae8 24. Rad1 Rh6 25. Qd7 Ree6 26. Qc8+ Kh7
27. Qc2 Qxc2 28. Rxc2 Re7 29. Rd5 Ra6 30. a3 b4 31. axb4 f6 32. Rd4 Rb7 33. h4
gxh4 34. Rxh4+ Kg6 35. Rg4+ Kf7 36. Rgc4 Ra4 37. Rc7+ Rxc7 38. Rxc7+ Kg6 39.
Rc4 Ra2 40. b3 Rb2 41. Rc3 a6 42. f4 Kf7 43. Kf3 Ke7 44. Rd3 f5 45. Ke3 g6 46.
f3 Rg2 47. Kd4 Kd6 48. Kc4+ Kc6 49. Re3 Rxg3 50. Re6+ Kb7 51. Re3 Kc6 52. Re6+
Kb7 53. Re3 Kc6 1/2-1/2

[Event "Rodgers mem"]
[Site "Ottawa CAN"]
[Date "2006.10.19"]
[Round "5"]
[White "Pacey, Kevin"]
[Black "Gordon, David"]
[Result "1/2-1/2"]
[WhiteElo "2137"]
[BlackElo "2137"]
[PlyCount "44"]
[EventDate "2006.09.21"]
[EventType "swiss"]
[EventRounds "6"]
[EventCountry "CAN"]

1. e4 d5 2. exd5 Qxd5 3. Nf3 Bg4 4. Nc3 Qa5 5. d4 Nf6 6. Bd2 e6 7. h3 Bh5 8. g4
Bg6 9. Ne5 c6 10. Bg2 Nbd7 11. Qe2 Bb4 12. Bxc6 bxc6 13. Nxc6 Qb6 14. Nxb4 Qxb4
15. Nb5 Qxb2 16. Bc3 Qxc2 17. Nc7+ Kd8 18. Qxc2 Bxc2 19. Nxa8 Be4 20. Ba5+ Ke7
21. Bb4+ Kd8 22. Ba5+ Ke7 1/2-1/2

[Event "Rodgers mem"]
[Site "Ottawa CAN"]
[Date "2006.10.26"]
[Round "6"]
[White "Kuryliw, Ray"]
[Black "Pacey, Kevin"]
[Result "1/2-1/2"]
[WhiteElo "2084"]
[BlackElo "2124"]
[PlyCount "35"]
[EventDate "2006.09.21"]
[EventType "swiss"]
[EventRounds "6"]
[EventCountry "CAN"]

1. e4 c6 2. d4 d5 3. exd5 cxd5 4. Bd3 Nc6 5. c3 g6 6. f4 Bg7 7. Nf3 Bg4 8. h3
Bxf3 9. Qxf3 e6 10. Be3 f5 11. Nd2 Nf6 12. O-O Ne4 13. Kh2 O-O 14. Qd1 Qb8 15.
Qb3 Na5 16. Qa4 Qc7 17. Nb3 Nxb3 18. Qxb3 1/2-1/2

[Event "Roger Roy mem"]
[Site "Gatineau CAN"]
[Date "2006.10.17"]
[Round "1"]
[White "Beland, Guy"]
[Black "Cossette, Daniel"]
[Result "0-1"]
[WhiteElo "1425"]
[BlackElo "2117"]
[PlyCount "66"]
[EventDate "2006.10.17"]
[EventType "swiss"]
[EventRounds "5"]
[EventCountry "CAN"]

1. e4 c5 2. Nf3 Nc6 3. d4 cxd4 4. Nxd4 Nf6 5. Nc3 g6 6. Be3 Bg7 7. Be2 O-O 8.
O-O d5 9. Nxc6 bxc6 10. e5 Nd7 11. f4 e6 12. Qd2 f6 13. Bg4 Qe7 14. Rae1 fxe5
15. fxe5 Rxf1+ 16. Rxf1 Ba6 17. Be2 Bxe2 18. Qxe2 Bxe5 19. Nd1 c5 20. c3 Rf8
21. Rxf8+ Qxf8 22. Qa6 Qd6 23. Qxd6 Bxd6 24. Nf2 Kf7 25. g3 e5 26. b3 Nf6 27.
a4 d4 28. cxd4 cxd4 29. Bd2 e4 30. Ba5 Ke6 31. Kf1 Kd5 32. Ke2 Nd7 33. Ng4 h5
0-1

[Event "Roger Roy mem"]
[Site "Gatineau CAN"]
[Date "2006.10.17"]
[Round "1"]
[White "Brousseau, Yvan"]
[Black "Villeneuve, Luc"]
[Result "1-0"]
[WhiteElo "2056"]
[BlackElo "1560"]
[PlyCount "51"]
[EventDate "2006.10.17"]
[EventType "swiss"]
[EventRounds "5"]
[EventCountry "CAN"]

1. b3 e5 2. Bb2 d6 3. e3 Nf6 4. c4 Bf5 5. f3 c5 6. d4 cxd4 7. exd4 Bxb1 8. Rxb1
Qa5+ 9. Qd2 Qxd2+ 10. Kxd2 Nc6 11. d5 Ne7 12. Bd3 g6 13. Ne2 Bh6+ 14. Kd1 O-O
15. h3 Nd7 16. Ba3 Nc8 17. Nc3 Re8 18. Nb5 e4 19. Bxe4 Nf6 20. Nc7 Nxe4 21.
fxe4 Rxe4 22. Nxa8 Rd4+ 23. Ke2 Re4+ 24. Kf1 Ne7 25. g4 Rf4+ 26. Kg2 1-0

[Event "Roger Roy mem"]
[Site "Gatineau CAN"]
[Date "2006.10.17"]
[Round "1"]
[White "Carrier, Simon"]
[Black "Thibault, Mario"]
[Result "0-1"]
[WhiteElo "1059"]
[BlackElo "1664"]
[PlyCount "54"]
[EventDate "2006.10.17"]
[EventType "swiss"]
[EventRounds "5"]
[EventCountry "CAN"]

1. e4 c5 2. c4 g6 3. Nf3 Bg7 4. Nc3 Nc6 5. d3 d6 6. Be2 Nf6 7. Be3 O-O 8. d4
Ng4 9. Qd2 Nxe3 10. fxe3 b6 11. d5 Ne5 12. O-O-O Bd7 13. h3 a6 14. g4 b5 15.
cxb5 axb5 16. Bxb5 Nxf3 17. Qe2 Ne5 18. g5 Bxb5 19. Qxb5 c4 20. h4 Qc7 21. Qb4
Nd3+ 22. Rxd3 cxd3 23. Kb1 Rfb8 24. Nb5 Qc2+ 25. Ka1 d2 26. Nd4 Qc1+ 27. Rxc1
dxc1=Q# 0-1

[Event "Roger Roy mem"]
[Site "Gatineau CAN"]
[Date "2006.10.17"]
[Round "1"]
[White "Charland, Roger"]
[Black "Gagnon, Fabien"]
[Result "0-1"]
[WhiteElo "1570"]
[BlackElo "2030"]
[PlyCount "52"]
[EventDate "2006.10.17"]
[EventType "swiss"]
[EventRounds "5"]
[EventCountry "CAN"]

1. Nf3 Nf6 2. g3 g6 3. Bg2 Bg7 4. d3 O-O 5. O-O c5 6. Nbd2 Nc6 7. e4 d6 8. c3
e5 9. Re1 h6 10. Nf1 Be6 11. d4 cxd4 12. cxd4 Bg4 13. dxe5 dxe5 14. Qxd8 Rfxd8
15. h3 Bxf3 16. Bxf3 Nd4 17. Bd1 Rac8 18. Nh2 Bf8 19. Nf3 Bb4 20. Re3 Nf5 21.
Bb3 Nxe3 22. Bxe3 Bc5 23. Nxe5 Bxe3 24. fxe3 Kg7 25. Rf1 Rc7 26. Bxf7 Re7 0-1

[Event "Roger Roy mem"]
[Site "Gatineau CAN"]
[Date "2006.10.17"]
[Round "1"]
[White "Dallaire, Dominic"]
[Black "Berthiaume, Serge"]
[Result "1-0"]
[WhiteElo "1844"]
[BlackElo "1162"]
[PlyCount "81"]
[EventDate "2006.10.17"]
[EventType "swiss"]
[EventRounds "5"]
[EventCountry "CAN"]

1. e4 c6 2. d4 d5 3. e5 e6 4. Nf3 h6 5. Bd3 Bb4+ 6. c3 Ba5 7. O-O Nd7 8. Be3
Bc7 9. Nbd2 Ne7 10. Nh4 Nf8 11. f4 Nfg6 12. Nxg6 Nxg6 13. Bxg6 fxg6 14. Qg4 Rf8
15. Qxg6+ Rf7 16. g4 Qe7 17. g5 Qf8 18. b4 Bd7 19. a4 O-O-O 20. h4 Be8 21.
Qxe6+ Bd7 22. Qg6 Bf5 23. Qh5 g6 24. Qe2 h5 25. Nb3 Qe7 26. Nc5 Bb6 27. b5 Bxc5
28. dxc5 Qd7 29. Ra2 Be4 30. Rf2 cxb5 31. axb5 Kb8 32. Rh2 Qf5 33. c6 b6 34.
Ra1 Bd3 35. Qf2 Bxb5 36. Bxb6 Rc8 37. Bxa7+ Ka8 38. Bc5+ Kb8 39. Bd6+ Rcc7 40.
Qa7+ Kc8 41. Qa8# 1-0

[Event "Roger Roy mem"]
[Site "Gatineau CAN"]
[Date "2006.10.17"]
[Round "1"]
[White "Iyamuremye, Gervais"]
[Black "Toulouse, Raphael"]
[Result "1-0"]
[WhiteElo "1363"]
[BlackElo "1199"]
[PlyCount "29"]
[EventDate "2006.10.17"]
[EventType "swiss"]
[EventRounds "5"]
[EventCountry "CAN"]

1. e4 c5 2. Nf3 Nc6 3. d4 Nf6 4. Nc3 e6 5. h3 Be7 6. dxc5 Bxc5 7. Bd3 e5 8. a3
Qb6 9. O-O O-O 10. Na4 Qa5 11. Nxc5 Qxc5 12. b4 Qe7 13. Bb2 d6 14. c4 Be6 15.
Nd2 1-0

[Event "Roger Roy mem"]
[Site "Gatineau CAN"]
[Date "2006.10.17"]
[Round "1"]
[White "Jiang, Qizhe"]
[Black "Maisonneuve, Paul"]
[Result "0-1"]
[WhiteElo "904"]
[BlackElo "1569"]
[PlyCount "70"]
[EventDate "2006.10.17"]
[EventType "swiss"]
[EventRounds "5"]
[EventCountry "CAN"]

1. e4 d6 2. Nf3 Nf6 3. Nc3 g6 4. d4 Bg7 5. g3 O-O 6. Bg2 c5 7. O-O cxd4 8. Qxd4
Nc6 9. Qd1 Bd7 10. Re1 Ng4 11. Bd2 Rc8 12. Rb1 a6 13. Bf4 Nge5 14. Bxe5 Nxe5
15. Nxe5 Bxe5 16. Qd5 Bc6 17. Qd2 Qa5 18. Bh3 e6 19. b4 Qc7 20. Bg2 Bd7 21. Nd1
Qxc2 22. Qxc2 Rxc2 23. Rb3 Rxa2 24. Ne3 Rc8 25. Ng4 Bg7 26. Rbb1 h5 27. Ne3 Bd4
28. Nf5 exf5 29. exf5 Bxf2+ 30. Kh1 Bxe1 31. Rxe1 Bc6 32. Bxc6 Rxc6 33. fxg6
fxg6 34. Re8+ Kf7 35. Rb8 Rc1# 0-1

[Event "Roger Roy mem"]
[Site "Gatineau CAN"]
[Date "2006.10.17"]
[Round "1"]
[White "Kennedy, Phillip"]
[Black "Laurin, Jacques"]
[Result "0-1"]
[WhiteElo "1296"]
[BlackElo "1823"]
[PlyCount "64"]
[EventDate "2006.10.17"]
[EventType "swiss"]
[EventRounds "5"]
[EventCountry "CAN"]

1. Nf3 d6 2. g3 Nf6 3. Bg2 g6 4. O-O Bg7 5. c4 O-O 6. Nc3 c6 7. d3 Na6 8. e4
Bg4 9. h3 Bd7 10. Be3 Qc8 11. Kh2 Nh5 12. Qd2 f5 13. exf5 Bxf5 14. g4 Bxg4 15.
hxg4 Qxg4 16. Qe2 Nc5 17. Bxc5 Nf4 18. Ne1 Qh4+ 19. Kg1 Nxe2+ 20. Nxe2 dxc5 21.
Nf3 Rxf3 22. Bxf3 Be5 23. Ng3 Rf8 24. Kg2 Qf4 25. Be4 h5 26. Bxg6 h4 27. Kh3
hxg3 28. Kg2 Qf3+ 29. Kh3 g2+ 30. Kh4 Rf4+ 31. Kg5 Bf6+ 32. Kh6 Rh4+ 0-1

[Event "Roger Roy mem"]
[Site "Gatineau CAN"]
[Date "2006.10.17"]
[Round "1"]
[White "Lacourse, Guy"]
[Black "Rainey, Ivan"]
[Result "1-0"]
[WhiteElo "1650"]
[BlackElo "1114"]
[PlyCount "87"]
[EventDate "2006.10.17"]
[EventType "swiss"]
[EventRounds "5"]
[EventCountry "CAN"]

1. d4 Nf6 2. Nf3 g6 3. c4 Bg7 4. Nc3 d6 5. e4 O-O 6. Be2 b6 7. O-O Bb7 8. Qc2
Nbd7 9. Re1 c5 10. d5 Re8 11. h3 e5 12. Be3 Rb8 13. Nb5 Bf8 14. Nxa7 Ba6 15.
Nc6 Qc7 16. Nxb8 Rxb8 17. a4 Be7 18. Bd3 Re8 19. a5 bxa5 20. Qd2 Bd8 21. Bh6
Bc8 22. Ng5 Nf8 23. Bxf8 Rxf8 24. g4 Qd7 25. Re3 Nxg4 26. hxg4 Bxg5 27. f3 a4
28. Qe1 Bxe3+ 29. Qxe3 Qe7 30. Bc2 Bd7 31. Bxa4 Bxa4 32. Rxa4 Rb8 33. Qh6 Qf6
34. Ra3 Qg7 35. Qxg7+ Kxg7 36. Ra6 Rxb2 37. Rxd6 Rc2 38. Rc6 Rxc4 39. d6 Kf8
40. Rc8+ Kg7 41. d7 Rc1+ 42. Kg2 Rc2+ 43. Kf1 Rd2 44. d8=Q 1-0

[Event "Roger Roy mem"]
[Site "Gatineau CAN"]
[Date "2006.10.17"]
[Round "1"]
[White "Lamarche, Gilles"]
[Black "Guimond, Michel"]
[Result "0-1"]
[WhiteElo "1100"]
[BlackElo "1791"]
[PlyCount "89"]
[EventDate "2006.10.17"]
[EventType "swiss"]
[EventRounds "5"]
[EventCountry "CAN"]

1. e4 c5 2. Bc4 d6 3. Nc3 Nc6 4. Nf3 g6 5. Ng5 Nh6 6. h3 Bg7 7. Qf3 Ne5 8. Qe2
Nxc4 9. Qxc4 O-O 10. d3 a6 11. O-O b5 12. Qd5 Rb8 13. a3 e6 14. Qa2 Qc7 15. Nf3
b4 16. Bxh6 Bxh6 17. Ne2 a5 18. b3 Bg7 19. Rab1 f5 20. Nd2 fxe4 21. dxe4 d5 22.
a4 Rf7 23. Rbc1 Ba6 24. c4 bxc3 25. Nb1 d4 26. Rfe1 Rbf8 27. Ng3 Rxf2 28. Qxf2
Rxf2 29. Kxf2 Qf4+ 30. Kg1 Qxg3 31. e5 Bxe5 32. Rxe5 Qxe5 33. Kh1 d3 34. Rxc3
d2 35. Nxd2 Qxc3 36. Nf3 Bb7 37. Nh4 Qg3 38. Nf3 g5 39. b4 h5 40. bxc5 g4 41.
c6 Bxc6 42. hxg4 hxg4 43. Kg1 Bxf3 44. Kf1 Qxg2+ 45. Ke1 0-1

[Event "Roger Roy mem"]
[Site "Gatineau CAN"]
[Date "2006.10.17"]
[Round "1"]
[White "Levesque, Andre"]
[Black "Libersan, Mattieu"]
[Result "0-1"]
[WhiteElo "1370"]
[BlackElo "1911"]
[PlyCount "46"]
[EventDate "2006.10.17"]
[EventType "swiss"]
[EventRounds "5"]
[EventCountry "CAN"]

1. e4 e5 2. Nf3 f5 3. Nc3 fxe4 4. Nxe4 d5 5. Nc3 Nc6 6. Bb5 Bg4 7. O-O Nf6 8.
d3 Be7 9. Re1 Qd6 10. Bg5 O-O 11. Bxc6 bxc6 12. Bh4 Rae8 13. Bg3 Nd7 14. d4
Bxf3 15. gxf3 Bf6 16. Re2 Qe6 17. dxe5 Nxe5 18. Bxe5 Bxe5 19. Qd3 Qh6 20. f4
Bxf4 21. f3 Be3+ 22. Kh1 Rxf3 23. Nxd5 cxd5 0-1

[Event "Roger Roy mem"]
[Site "Gatineau CAN"]
[Date "2006.10.17"]
[Round "1"]
[White "Malette, Martin"]
[Black "Blouin, Francois"]
[Result "1-0"]
[WhiteElo "2025"]
[BlackElo "1535"]
[PlyCount "89"]
[EventDate "2006.10.17"]
[EventType "swiss"]
[EventRounds "5"]
[EventCountry "CAN"]

1. d4 Nf6 2. c4 e6 3. Nc3 Bb4 4. Bg5 h6 5. Bh4 c5 6. d5 Bxc3+ 7. bxc3 d6 8. e3
e5 9. Bd3 g5 10. Bg3 Qe7 11. h4 Rg8 12. hxg5 hxg5 13. Ne2 Kd8 14. Qd2 Nbd7 15.
Bc2 Nb6 16. f3 Kc7 17. Qd3 Bd7 18. O-O-O Ba4 19. Rh6 Bxc2 20. Kxc2 e4 21. fxe4
Nxe4 22. Rdh1 Nd7 23. Be1 Ndf6 24. Ng3 Nxg3 25. Bxg3 Ne4 26. Be1 Rae8 27. Qf1
Rg6 28. Qf3 Rf6 29. Rxf6 Qxf6 30. Rh7 Re7 31. Qxf6 Nxf6 32. Rg7 Ne4 33. Rh7 Kd7
34. Kd3 f5 35. Rh8 Re8 36. Rxe8 Kxe8 37. g4 Kf7 38. gxf5 Nf6 39. Bg3 Ne8 40. e4
Kf6 41. Ke3 a6 42. a4 Ke7 43. e5 dxe5 44. Bxe5 b6 45. Kf3 1-0

[Event "Roger Roy mem"]
[Site "Gatineau CAN"]
[Date "2006.10.17"]
[Round "1"]
[White "Pilon, Robert"]
[Black "Pepin, Christian"]
[Result "0-1"]
[WhiteElo "1528"]
[BlackElo "2070"]
[PlyCount "60"]
[EventDate "2006.10.17"]
[EventType "swiss"]
[EventRounds "5"]
[EventCountry "CAN"]

1. e4 c6 2. d4 d5 3. e5 Bf5 4. Bd3 Bxd3 5. Qxd3 e6 6. f4 Qd7 7. Nf3 Ne7 8. Be3
Nf5 9. Bf2 b6 10. Nbd2 c5 11. c3 h5 12. Nh4 Nxh4 13. Bxh4 cxd4 14. cxd4 Nc6 15.
a3 Rc8 16. Nf3 Be7 17. Bxe7 Nxe7 18. Nh4 Qa4 19. b3 Qc6 20. O-O g6 21. Rfc1
Qxc1+ 22. Rxc1 Rxc1+ 23. Kf2 O-O 24. Ke2 Rfc8 25. Kd2 Kg7 26. Nf3 Nf5 27. g3
R8c7 28. Ne1 Ra1 29. Nc2 Ra2 30. Kd1 Rcxc2 0-1

[Event "Roger Roy mem"]
[Site "Gatineau CAN"]
[Date "2006.10.17"]
[Round "1"]
[White "Scantland, Patrick"]
[Black "Berthiaume, Patrick"]
[Result "1-0"]
[WhiteElo "1680"]
[BlackElo "983"]
[PlyCount "41"]
[EventDate "2006.10.17"]
[EventType "swiss"]
[EventRounds "5"]
[EventCountry "CAN"]

1. e4 e5 2. Nf3 Nc6 3. Bb5 d6 4. O-O Bg4 5. Nc3 Bxf3 6. Qxf3 Nf6 7. d3 Be7 8.
Bg5 O-O 9. Ne2 a6 10. Ba4 Rb8 11. c3 b5 12. Bc2 Qd7 13. Ng3 Qg4 14. Qe3 b4 15.
Bd1 Qc8 16. Nf5 Qd8 17. Qg3 bxc3 18. bxc3 a5 19. Bb3 h6 20. Bxh6 Kh7 21. Qxg7#
1-0

[Event "Roger Roy mem"]
[Site "Gatineau CAN"]
[Date "2006.10.24"]
[Round "2"]
[White "Arsenault, Michel"]
[Black "Laurin, Marcel"]
[Result "1-0"]
[WhiteElo "2020"]
[BlackElo "1622"]
[PlyCount "37"]
[EventDate "2006.10.17"]
[EventType "swiss"]
[EventRounds "5"]
[EventCountry "CAN"]

1. c4 b6 2. g3 Bb7 3. Nf3 d6 4. Bg2 g6 5. Nc3 Bg7 6. O-O e6 7. d4 Ne7 8. b3 Nd7
9. Bb2 O-O 10. Qd2 h6 11. h4 f5 12. Ne1 Bxg2 13. Nxg2 e5 14. dxe5 dxe5 15. Ba3
Nf6 16. Qxd8 Rfxd8 17. Bxe7 Rd7 18. Bxf6 Bxf6 19. Rad1 1-0

[Event "Roger Roy mem"]
[Site "Gatineau CAN"]
[Date "2006.10.24"]
[Round "2"]
[White "Berthiaume, Serge"]
[Black "Charland, Roger"]
[Result "0-1"]
[WhiteElo "1162"]
[BlackElo "1570"]
[PlyCount "98"]
[EventDate "2006.10.17"]
[EventType "swiss"]
[EventRounds "5"]
[EventCountry "CAN"]

1. d4 Nf6 2. Nc3 g6 3. e4 d6 4. Nf3 Bg4 5. Be2 Bg7 6. h3 Bxf3 7. Bxf3 O-O 8.
Be3 Nc6 9. a3 e5 10. Nb5 a6 11. d5 axb5 12. dxc6 bxc6 13. O-O d5 14. Bc5 Re8
15. exd5 cxd5 16. Re1 c6 17. c3 Nd7 18. Be3 e4 19. Be2 Nb6 20. b3 Bxc3 21. Bh6
Qf6 22. Rc1 Bxe1 23. Qxe1 Rxa3 24. Rb1 g5 25. Qc1 Rxb3 26. Rxb3 Qxh6 27. Rc3
Rc8 28. Bg4 Rc7 29. Qe3 Nc4 30. Qg3 Qd6 31. Qxd6 Nxd6 32. Ra3 b4 33. Ra8+ Kg7
34. Rb8 Rb7 35. Rd8 b3 36. Bd1 b2 37. Bc2 Nc4 38. Bb1 Na3 39. Ba2 b1=Q+ 40.
Bxb1 Rxb1+ 41. Kh2 Nc2 42. Kg3 Nd4 43. Kg4 Rb7 44. g3 Rb2 45. Re8 Rxf2 46. h4
Ne6 47. hxg5 e3 48. Rb8 e2 49. Rb1 Rf1 0-1

[Event "Roger Roy mem"]
[Site "Gatineau CAN"]
[Date "2006.10.24"]
[Round "2"]
[White "Chartrand, Jean Bruno"]
[Black "Jani, Louis"]
[Result "1/2-1/2"]
[WhiteElo "1847"]
[BlackElo "1444"]
[PlyCount "134"]
[EventDate "2006.10.17"]
[EventType "swiss"]
[EventRounds "5"]
[EventCountry "CAN"]

1. d4 f5 2. c4 Nf6 3. Nc3 e6 4. Nf3 Be7 5. Bf4 a6 6. e3 O-O 7. Bd3 Nh5 8. Bg3
Nxg3 9. hxg3 b6 10. Ne5 Qe8 11. Qe2 d6 12. Nf3 Nd7 13. O-O-O Nf6 14. e4 g6 15.
Rde1 Bd8 16. Qd2 Qd7 17. Kb1 Bb7 18. Ng5 fxe4 19. Ncxe4 Nxe4 20. Nxe4 Bxe4 21.
Bxe4 d5 22. Bf3 Bf6 23. Rxe6 c6 24. cxd5 cxd5 25. Rxb6 Ra7 26. Qb4 Qf5+ 27. Ka1
Be7 28. Qb3 Rf6 29. Rb8+ Rf8 30. Qxd5+ Kg7 31. Rxf8 Qxf8 32. Qe5+ Bf6 33. Qe3
Kh8 34. Be4 Re7 35. Qa3 Kg7 36. Kb1 Qb8 37. Rd1 a5 38. Bf3 Rd7 39. Qa4 Rd6 40.
Qc4 Qa7 41. Be4 Bxd4 42. f3 Qb6 43. Rd2 Qd8 44. g4 Qf6 45. Qb5 Qd8 46. Qb7+ Kh8
47. Qa8 Kg7 48. Qxd8 Rxd8 49. b3 Kf6 50. Kc2 Ke5 51. g3 Rc8+ 52. Kd3 Rd8 53.
Ke2 Rd6 54. Rc2 g5 55. Rc6 Rxc6 56. Bxc6 Kf6 57. Kd3 Be5 58. Be4 h6 59. Kc4
Bxg3 60. Kb5 Be1 61. a4 Ke7 62. Kc5 Kd7 63. Kd5 Ke7 64. Ke5 Bd2 65. Kf5 Kf7 66.
Bd5+ Kg7 67. Ke6 Be1 1/2-1/2

[Event "Roger Roy mem"]
[Site "Gatineau CAN"]
[Date "2006.10.24"]
[Round "2"]
[White "Cossette, Daniel"]
[Black "Lacourse, Guy"]
[Result "1-0"]
[WhiteElo "2117"]
[BlackElo "1650"]
[PlyCount "80"]
[EventDate "2006.10.17"]
[EventType "swiss"]
[EventRounds "5"]
[EventCountry "CAN"]

1. e4 c5 2. Nc3 Nc6 3. g3 g6 4. Bg2 Bg7 5. d3 e6 6. f4 d5 7. e5 Nge7 8. Nf3 a6
9. O-O O-O 10. h3 b5 11. g4 Bb7 12. Bd2 Qc7 13. g5 Nf5 14. Nh2 h5 15. gxh6 Nxh6
16. Ng4 Ne7 17. Qe1 Nef5 18. Nd1 Qe7 19. c3 Rfd8 20. Qf2 Bf8 21. Nf6+ Kh8 22.
Rc1 Bg7 23. Ng4 Rac8 24. Nde3 Kg8 25. Nxh6+ Bxh6 26. Nxf5 exf5 27. Be1 Qe6 28.
Qh4 Bg7 29. Qg5 Rd7 30. Bh4 Bf8 31. Qg3 Be7 32. Bg5 Kg7 33. h4 f6 34. exf6+
Bxf6 35. Rce1 Qb6 36. Bxf6+ Qxf6 37. h5 Rcc7 38. Re5 Rf7 39. Rfe1 Qb6 40. Re6
Rf6 1-0

[Event "Roger Roy mem"]
[Site "Gatineau CAN"]
[Date "2006.10.24"]
[Round "2"]
[White "Guimond, Michel"]
[Black "Brousseau, Yvan"]
[Result "0-1"]
[WhiteElo "1791"]
[BlackElo "2056"]
[PlyCount "86"]
[EventDate "2006.10.17"]
[EventType "swiss"]
[EventRounds "5"]
[EventCountry "CAN"]

1. e4 d5 2. exd5 Qxd5 3. d4 Nf6 4. Nc3 Qa5 5. Bc4 c6 6. Bb3 Bf5 7. Bd2 e6 8.
Nd5 Qd8 9. Nxf6+ Qxf6 10. Qe2 Qxd4 11. O-O-O Qe4 12. Bg5 f6 13. Qd2 Be7 14. f3
Qb4 15. c3 Qa5 16. Be3 h5 17. Ne2 e5 18. g4 hxg4 19. fxg4 Be4 20. Ng3 Bxh1 21.
Nxh1 e4 22. Bf4 Qd8 23. Qc2 Qc8 24. Qxe4 Qxg4 25. Ng3 Rh4 26. Rf1 g6 27. Qc4
Nd7 28. Qf7+ Kd8 29. Be6 Qxf4+ 30. Rxf4 Rxf4 31. Qxg6 Nf8 32. Qg8 a5 33. Nf5
Bc5 34. Ng7 Kc7 35. Qf7+ Kb6 36. Ne8 Nxe6 37. Qxe6 Rf1+ 38. Kc2 Rf2+ 39. Kc1
Rxh2 40. b4 axb4 41. cxb4 Bxb4 42. Qe3+ Ka5 43. Nc7 Bd2+ 0-1

[Event "Roger Roy mem"]
[Site "Gatineau CAN"]
[Date "2006.10.24"]
[Round "2"]
[White "Laurin, Jacques"]
[Black "Iyamuremye, Gervais"]
[Result "0-1"]
[WhiteElo "1823"]
[BlackElo "1363"]
[PlyCount "74"]
[EventDate "2006.10.17"]
[EventType "swiss"]
[EventRounds "5"]
[EventCountry "CAN"]

1. c4 g6 2. Nc3 Bg7 3. g3 e6 4. Bg2 c6 5. Nh3 Ne7 6. O-O O-O 7. b3 d5 8. cxd5
Nxd5 9. Qc2 Na6 10. a3 Nac7 11. Bb2 Nxc3 12. dxc3 Nd5 13. c4 Bxb2 14. Qxb2 Qf6
15. Qc2 Nb6 16. Rad1 e5 17. f4 Bxh3 18. Bxh3 Rad8 19. f5 Rxd1 20. Qxd1 Rd8 21.
Qc2 Qg5 22. fxg6 hxg6 23. Qc3 Qh5 24. g4 Qg5 25. Qf3 Qe7 26. Bg2 Rf8 27. Qe4
Qxa3 28. Qxe5 Qxb3 29. Rf3 Nxc4 30. Qf6 Qb2 31. Qh4 Qd4+ 32. Kh1 Qd1+ 33. Bf1
Ne3 34. Qf6 Nxf1 35. Rxf1 Qxe2 36. h4 Qxg4 37. Kh2 Qe6 0-1

[Event "Roger Roy mem"]
[Site "Gatineau CAN"]
[Date "2006.10.24"]
[Round "2"]
[White "Libersan, Mattieu"]
[Black "Scantland, Patrick"]
[Result "1-0"]
[WhiteElo "1945"]
[BlackElo "1680"]
[PlyCount "123"]
[EventDate "2006.10.17"]
[EventType "swiss"]
[EventRounds "5"]
[EventCountry "CAN"]

1. e4 c5 2. Nf3 d6 3. d4 cxd4 4. Nxd4 Nf6 5. Nc3 a6 6. Bc4 e6 7. O-O Be7 8. f4
e5 9. Nf5 Bxf5 10. exf5 Qb6+ 11. Kh1 O-O 12. Bb3 Nbd7 13. Qf3 Nc5 14. Be3 Qc7
15. Bd5 Rae8 16. Rae1 b5 17. a3 e4 18. Qh3 Qc8 19. Bd4 Na4 20. Bxe4 Nxc3 21.
Bxc3 Qc4 22. b3 Qc8 23. Qd3 Bd8 24. Bb2 Qc5 25. b4 Qc7 26. Bd5 Qd7 27. Bb3 d5
28. Be5 Bb6 29. Bxf6 gxf6 30. Bxd5 Rxe1 31. Rxe1 Rd8 32. Rd1 Qe7 33. c4 bxc4
34. Qxc4 Kg7 35. h3 Rd7 36. Qb3 Qe3 37. Qxe3 Bxe3 38. Bf3 Rc7 39. g3 Rc1 40.
Rxc1 Bxc1 41. a4 Ba3 42. Bb7 Bxb4 43. Bxa6 Kf8 44. Kg2 Kg7 45. Kf3 h5 46. Ke4
Be1 47. g4 hxg4 48. hxg4 Kf8 49. Bc4 Bd2 50. Kd5 Ke7 51. Kc6 Bxf4 52. a5 Kd8
53. a6 Be3 54. Kb7 Ke8 55. a7 Bxa7 56. Kxa7 Ke7 57. Kb7 Kf8 58. Kc8 Ke7 59. Kc7
Ke8 60. Kd6 Kf8 61. Kd7 Kg8 62. Ke7 1-0

[Event "Roger Roy mem"]
[Site "Gatineau CAN"]
[Date "2006.10.24"]
[Round "2"]
[White "Maisonneuve, Paul"]
[Black "Forget, David"]
[Result "0-1"]
[WhiteElo "1569"]
[BlackElo "1910"]
[PlyCount "72"]
[EventDate "2006.10.17"]
[EventType "swiss"]
[EventRounds "5"]
[EventCountry "CAN"]

1. d4 d5 2. Bf4 Nf6 3. e3 e6 4. Nf3 c5 5. c3 cxd4 6. exd4 Bd6 7. Bxd6 Qxd6 8.
Bd3 Nc6 9. Nbd2 Bd7 10. Qe2 O-O 11. O-O Rab8 12. Rfe1 a6 13. Ne5 b5 14. a3 Na5
15. Rab1 Nc4 16. Nb3 Rfc8 17. Nc5 Be8 18. f4 Nd7 19. Ncxd7 Bxd7 20. Qh5 g6 21.
Qh6 Be8 22. Ng4 Qd8 23. Bxc4 bxc4 24. Re3 Rc7 25. Rh3 f5 26. Ne5 Ba4 27. Nxg6
Rg7 28. Ne5 Qe8 29. Nf3 Bc2 30. Re1 Be4 31. Ng5 Rxb2 32. g3 Qg6 33. Nxe6 Qxh6
34. Rxh6 Rgb7 35. Nc5 Rg2+ 36. Kf1 Rbb2 0-1

[Event "Roger Roy mem"]
[Site "Gatineau CAN"]
[Date "2006.10.24"]
[Round "2"]
[White "Pepin, Christian"]
[Black "Dallaire, Dominic"]
[Result "0-1"]
[WhiteElo "2070"]
[BlackElo "1844"]
[PlyCount "78"]
[EventDate "2006.10.17"]
[EventType "swiss"]
[EventRounds "5"]
[EventCountry "CAN"]

1. e4 e6 2. d4 d5 3. Nc3 Bb4 4. e5 c5 5. a3 Bxc3+ 6. bxc3 Ne7 7. a4 Qc7 8. Nf3
b6 9. a5 bxa5 10. Bb5+ Bd7 11. Qe2 cxd4 12. O-O dxc3 13. Ba3 Bxb5 14. Qxb5+
Nbc6 15. Bd6 Qb6 16. Qd3 Nf5 17. Rfb1 Nb4 18. Bxb4 axb4 19. Qxc3 bxc3 20. Rxb6
O-O 21. Rb7 Rfb8 22. Raxa7 d4 23. g4 d3 24. cxd3 c2 25. Rxb8+ Rxb8 26. Rc7 Rb1+
27. Kg2 c1=Q 28. Rxc1 Rxc1 29. gxf5 exf5 30. Kg3 Rc3 31. d4 g5 32. Kg2 g4 33.
Nh4 f4 34. Nf5 h5 35. d5 Kf8 36. e6 fxe6 37. dxe6 Rc5 38. Nd4 Ke7 39. h3 Rd5
0-1

[Event "Roger Roy mem"]
[Site "Gatineau CAN"]
[Date "2006.10.24"]
[Round "2"]
[White "Rainey, Ivan"]
[Black "Beland, Guy"]
[Result "0-1"]
[WhiteElo "1114"]
[BlackElo "1425"]
[PlyCount "56"]
[EventDate "2006.10.17"]
[EventType "swiss"]
[EventRounds "5"]
[EventCountry "CAN"]

1. d4 Nf6 2. c4 g6 3. Nc3 Bg7 4. Nf3 d6 5. e4 O-O 6. Bd3 Nbd7 7. O-O c5 8. d5
Ne5 9. Nxe5 dxe5 10. Be3 b6 11. f3 e6 12. Rf2 Ne8 13. a3 f5 14. b4 f4 15. Bd2
Nf6 16. Qa4 Nh5 17. Qc6 Bd7 18. Qd6 Rf6 19. b5 exd5 20. Qxd5+ Kh8 21. Qxe5 Rf5
22. Qd6 Bf8 23. exf5 Bxd6 24. fxg6 h6 25. Re2 Ng3 26. hxg3 fxg3 27. Bxh6 Qh4
28. Nd5 Qh2+ 0-1